Casas de la cultura jurídica : presencia en México de la Suprema Corte de Justicia de la Nación /

Guardat en:
Dades bibliogràfiques
Autor corporatiu: México. Suprema Corte de Justicia de la Nación
Altres autors: Silva Meza, Juan N. (prefacio) (prefacio), García Ramírez, Sergio (prólogo) (prólogo), Dávalos Martínez, Héctor Daniel (presentación) (presentación)
Format: Llibre
Idioma:espanyol
Publicat: México : Suprema Corte de Justicia de la Nación, 2013, c2013
Matèries:
Etiquetes: Afegir etiqueta
Sense etiquetes, Sigues el primer a etiquetar aquest registre!

MARC

LEADER 00000nam^a2200000^a^4500
001 000384169
005 20250521000000.0
009 20260310120857.446
020 |a 978-607-468-580-0 
037 |a Acervo ITESO - Biblioteca 
041 |a ESP 
082 |a 347. 72  |b MEX CAS 
110 |a México.  |b Suprema Corte de Justicia de la Nación 
245 1 0 |a Casas de la cultura jurídica :  |b presencia en México de la Suprema Corte de Justicia de la Nación /  |c Pref. de J.N. Silva Meza ; pról. de S. García Ramírez ; presen. de H.D. Dávalos Martínez. 
264 4 |a México :  |b Suprema Corte de Justicia de la Nación,  |c 2013, c2013 
300 |a 415 p. 
336 |a texto  |b txt  |2 rdacontenido 
337 |a sin mediación  |b n  |2 rdamedio 
338 |a volumen  |b nc  |2 rdasoporte 
649 |a XX 
650 |a Suprema Corte de Justicia de la Nación -  |z México -  |x Historia -  |x Documentos 
650 |a Suprema Corte de Justicia de la Nación -  |z México -  |x Tema Principal 
650 |a Poder Judicial -  |z México -  |x Historia 
650 |a Archivos -  |z México 
650 |a Bibliotecas Especializadas -  |z México 
650 |a Centros de Información -  |z México -  |x Tema Principal 
650 |a Centro Culturales -  |z México 
650 |a Biblioteconomía 
650 |a Derecho -  |z México -  |x Historia -  |x Documentos 
700 |a Silva Meza, Juan N.  |e (prefacio) 
700 |a García Ramírez, Sergio  |e (prólogo) 
700 |a Dávalos Martínez, Héctor Daniel  |e (presentación) 
910 |a Fondo General 
920 |a Impresos - Libros 
930 |a Obras de Referencia 
940 |a Biblioteconomía 
905 |a 102 
901 |a 0500278596  |b IT2  |c REF  |i D77189  |u 20250521 
902 |a https://opac.biblio.iteso.mx/vufind/Record/000384169